| 000 | 00571nam a2200193 a 4500 | ||
|---|---|---|---|
| 005 | 20210223123639.0 | ||
| 008 | 991125s1967 ea 000 0 eng u | ||
| 035 | _aUPN01000057542 | ||
| 049 | _aCG | ||
| 050 | 4 |
_aE185.6 _bK5.7 |
|
| 100 | 1 |
_aKing, Martin Luther, _d1929-1968 |
|
| 245 | 1 | 4 |
_aThe trumpet of conscience / _cMartin Luther King. |
| 260 |
_aNew York : _bHarper & Row, _c1967. |
||
| 300 | _a78 p | ||
| 650 | 4 |
_aNEGROS - _xCONDICIONES MORALES |
|
| 650 | 4 |
_aNEGROS - _xCONDICIONES SOCIALES |
|
| 651 | 4 |
_aESTADOS UNIDOS - _xCUESTION RACIAL _923752 |
|
| 905 | _aLibro | ||
| 999 |
_c57542 _d57542 |
||